Microsimulation and public policy : selected papers from the IARIW Special Conference on Microsimulation and Public Policy, Canberra, 5-9 December, 1993 /
Guardado en:
| Autor Corporativo: | |
|---|---|
| Otros Autores: | |
| Formato: | Libro |
| Idioma: | English |
| Publicado: |
Amsterdam ; New York :
Elsevier,
1996.
|
| Series: | Contributions to economic analysis ;
232 |
| Materias: | |
| Acceso en línea: | Publisher description |
| Etiquetas: |
Agregar Etiqueta
Sin Etiquetas, Sea el primero en etiquetar este registro!
|
| LEADER | 03700pam a2200289 a 4500 | ||
|---|---|---|---|
| 001 | EEO.eeo001062 | ||
| 008 | 960213s1996####ne#a###g#b####101#0#eng## | ||
| 005 | 20100920090651.0 | ||
| 245 | 1 | 0 | |a Microsimulation and public policy : |b selected papers from the IARIW Special Conference on Microsimulation and Public Policy, Canberra, 5-9 December, 1993 / |c edited by Ann Harding. |
| 260 | |a Amsterdam ; |a New York : |b Elsevier, |c 1996. | ||
| 300 | |a xviii, 527 p. : |b il. ; |c 24 cm. | ||
| 440 | 0 | |a Contributions to economic analysis ; |v 232 | |
| 504 | |a Incluye referencias bibliográficas e índice. | ||
| 505 | 0 | |a Microsimulation of direct taxes and fiscal policy in the United Kingdom / Eason, Richard -- Microsimulation modelling experience at the Canadian department of finance / Gupta, Anil ; Kapur, Vishnu -- Microsimulation in comparative social policy analysis : a case study of unemployment schemes for Belgium and the Netherlands / Lathouwer, Lieve de -- Including consumption expenditure and welfare services in a microsimulation model / Salomaki, Aino -- The use of microsimulation to update poverty statistcs based on household budget surveys : a pilot study for the United Kingdom / Vos, Klaas de ; Zaidi, Asghar -- A microsimulation approach to the demand for day care for children in Denmark / Baekgaard, Hans-Ole, 1973- -- Modelling consumer behavioural response to commodity tax reforms / Symons, Elizabeth ; Warren, Neil, 1905- -- Market and non-market labour supply and the impact of the recent german tax reform - incorporating behavioural response / Merz, Joachim -- Direct and behavioural effects of income tax changes - simulations with the Swedisch model microhus / Klevmarken, Anders, 1941- ; Olovsson, Paul -- Poverty alleviation vs social insurance systems : a comparison of lifetime redistribution / Falkingham, Jame ; Harding, Ann, 1958- -- Social security and lifetime income redistribution a microsimulation approach / Nelissen, Jan, 1918- -- Microsimulation of pension reforms proposls : modelling the earnings of couples / Galler, Heinz Peter -- Pension analysis in a static model with lifetime income distribution : initial results / Eklind, Bengt ; Eriksson, Ingeman ; Hussénius, Joakim ; Müller, Mikael -- The future burden of public pension benefits : a microsimulation study / Andreassen, Leif ; Fredriksen, Dennis ; Ljones, Olav -- Forecasting changes in the distribution of income : an applied general equilibrium approach / Meagher, G. A. -- Xecon : an experimental/evolutionary model of economic growth / Wolfson, Michael -- Endogenous economic growth through selection / Eliasson, Gunnar -- Firm sponsored training, technical progress and aggregate performance in a micro-macro model / Ballot, Gérard ; Taymaz, Erol -- Centralised data management : can it help micro-modellers? / Blackburn, Keith ; Richter, Warren -- Statistical reliability in microsimulation models with econometrically-estimated behavioural responses / Pudney, Stepehen ; Sutherland, Holly -- Health, wealth, pensions and life paths : the corsim dynamic microsimulation model / Caldwell, Steven. | |
| 020 | |a 0444818944 | ||
| 111 | 2 | |a IARIW Special Conference on Microsimulation and Public Policy |d (1993 : |c Canberra, A.C.T.) | |
| 700 | 1 | |a Harding, Ann, |d 1958- |4 edt | |
| 082 | 0 | 0 | |a 320/.6 |2 20 |
| 650 | 7 | |a Modelo de simulación. |2 Isoc | |
| 650 | 7 | |a Microeconomía. |2 Isoc | |
| 650 | 7 | |a Política fiscal. |2 Isoc | |
| 650 | 7 | |a Imposición directa. |2 Isoc | |
| 010 | |a 96005320 | ||
| 040 | |a DLC |c DLC |d DLC | ||
| 050 | 0 | 0 | |a H97 |b .I17 1993 |
| 856 | 4 | 2 | |3 Publisher description |u http://www.loc.gov/catdir/enhancements/fy0601/96005320-d.html |
| 859 | |a AR-BaUEB |b BIB. ECONOMIA - General |h 320.6 |i H219 |p e11336 | ||
